| 000 | 00755nam a22002057a 4500 | ||
|---|---|---|---|
| 999 |
_c167731 _d167731 |
||
| 005 | 20190918102405.0 | ||
| 010 | _aB-730048 | ||
| 020 |
_a9780143447047 _c175.00 |
||
| 035 | _aB-730048 | ||
| 037 |
_adpl _bPenguin Random House |
||
| 082 | _aS | ||
| 100 | _aMurty, Sudha | ||
| 245 |
_aHow the sea become salty / _cby Sudha Murty; illustrated by Priya Kuriyan |
||
| 260 |
_aGurgaon _bPuffin Books _c2019 |
||
| 270 |
_a7th Floor, Infinity Tower C, DLF Cyber City, _bGurgaon _e122002 |
||
| 300 |
_axi, 33p. _c20cm (pbk) _bcol. illus. |
||
| 700 | _aKuriyan, Priya | ||
| 942 |
_2ddc _cCH _mMUR _hS |
||